000 00263nam a2200097Ia 4500
008 230915s9999 xx 000 0 und d
050 _aTX911.3 .P46 D48 2000
100 _aRANSLEY JOSEF
245 0 _aDEVEELOPING HOSPITALITY PROPERTIES AND FACILITIES
942 _cBK
999 _c206141
_d206141